The knot book : an elementary introduction to the mathematical theory of knots
Αποθηκεύτηκε σε:
| Κύριος συγγραφέας: | |
|---|---|
| Μορφή: | Βιβλίο |
| Γλώσσα: | English |
| Δημοσίευση: |
Providence, R.I. :
American Mathematical Society,
[2004], c2001
|
| Έκδοση: | 1st. ed., Repr. |
| Θέματα: | |
| Ετικέτες: |
Προσθήκη ετικέτας
Δεν υπάρχουν, Καταχωρήστε ετικέτα πρώτοι!
|
MARC
| LEADER | 00000nam a2200000 i 4500 | ||
|---|---|---|---|
| 001 | 1/59106 | ||
| 008 | 071017s2001 eng d | ||
| 020 | |a 0-8218-3678-1 | ||
| 035 | |l 10091602 | ||
| 040 | |a GR-MY-UA |b gre |e aacr | ||
| 041 | 0 | |a eng | |
| 082 | 0 | |a 514.2242 |2 (22) | |
| 100 | 1 | |a Adams, Collin Conrad. | |
| 245 | 1 | 4 | |a The knot book : |b an elementary introduction to the mathematical theory of knots / |c Colin C. Adams |
| 250 | |a 1st. ed., Repr. | ||
| 260 | |a Providence, R.I. : |b American Mathematical Society, |c [2004], c2001 | ||
| 300 | |a xiii, 306 σ.; |b εικ.; |c 26 εκ. | ||
| 500 | |a "Originally published by W.H. Freeman and Company ... reprinted with corrections in 2004 by the American Mathematical Society" | ||
| 504 | |a Περιλαμβάνει βιβλιογραφικές παραπομπές (σ. [291]-302) και ευρετήριο | ||
| 650 | 0 | 0 | |a Knot theory. |
| 852 | |a INST |b SAMOS |e 20071017 |h 514.2242 ADA |p 005300028084 |q 005300028084 |t BK |y 4 |x 20200217 | ||
| 901 | |a BIBL3-2007-3 | ||
| 909 | |a Σ |b 139294 | ||
| 922 | |a 3ΕΛΗ |b 200709 |c ΕΠΕΑΕΚ2/ΤΜΗΜΑ ΜΑΘΗΜΑΤΙΚΩΝ |d ΠΑΠΑΣΩΤΗΡΙΟΥ | ||
| 970 | |a ΡΟΥΣΣΟΥ |b ΚΩΝΣΤΑΝΤΙΝΑ |z 2007/10/17 | ||